000 01023cam a22003017a 4500
005 20220329141312.0
008 971010s1989 r 00010 d
010 _a66069
011 _a67041
035 _a76168
082 _a633.272
_bJ5
100 0 0 _aJiménez Merino, Alberto.
_961593
245 1 3 _aLa producción de forrajes en México
260 _aChapingo, Méx. :
_bUACH,
_c1989
300 _a100 p.
_b: ilus.
500 _a1992-984
590 _aBATCH-UPD
_b10
_c20130109
_lUCH01
_h2337
590 _aBATCH-UPD
_b10
_c20130110
_lUCH01
_h2053
590 _aBATCH-UPD
_b10
_c20130409
_lUCH01
_h1906
590 _aBATCH-UPD
_b10
_c20130410
_lUCH01
_h1034
590 _aBATCH-UPD
_b10
_c20130914
_lUCH01
_h1406
590 _aCONVERSION
_b10
_c20130109
_lUCH01
_h1336
650 1 4 _aForrajes
_xMéxico.
_942582
650 1 4 _aForrajes
_xRendimiento.
_942593
710 0 _aFideicomisos Instituídos en Relación con la Agricultura. México.
_940733
901 _aBK
949 _a633.272 J5
_bZA
_cLIBRO
_d-9176
_eLIBRO
_h5821
_i76168
_si
999 _c66069
_d66069